The Blackwell encyclopedic dictionary of accounting /

Uloženo v:
Podrobná bibliografie
Další autoři: Abdel-Khalik, A. Rashad (Editor)
Médium: Kniha
Jazyk:English
Vydáno: Oxford : Blackwell Business, 1997.
Témata:
Tagy: Přidat tag
Žádné tagy, Buďte první, kdo otaguje tento záznam!
Thư viện lưu trữ: Mạng thư viện Đại học Đà Nẵng
LEADER 00928cam a2200325 i 4500
001 000049718
003 9729
005 20051111144353.0
008 010406b1997 vm 000 eng
020 |a 1557869413 
040 |a IRC  |c IRC  |d IRC 
041 0 |a eng 
082 1 4 |a 657.03  |b Bl-E 
245 0 4 |a The Blackwell encyclopedic dictionary of accounting /  |c edited by A. Rashad Abdel-Khalik ; series editors: Gary L. Cooper and Chris Argyris. 
260 |a Oxford :  |b Blackwell Business,  |c 1997. 
300 |a xi, 308 p. :  |b ill. ;  |c 25.5 cm. 
630 0 4 |a Accounting. 
630 0 4 |a Dictionaries. 
650 0 4 |a Accounting  |v Dictionaries. 
700 1 |a Abdel-Khalik, A. Rashad,  |e editor. 
OWN |a DUT 
999 |a From the UDN01 
TYP |a Monograph 
TYP |a Printed language 
980 |a Mạng thư viện Đại học Đà Nẵng